000 00977nam a2200265Ia 4500
003 OSt
005 20220923225145.0
006 a|||||r|||| 00| 0
007 ta
008 220922b |||||||| |||| 00| 0 hin d
024 _a258,853
037 _cTextual
040 _aARTS
_cARTS
_bhin
041 _2hin
_ahin
082 _aV1TH:N9, 152N1
100 _aएम0 एस0 राजन
_9168438
245 0 _aगुटनिरपेक्षता आंदोलन एवं संभावनाएॅं
246 _aGuṭanirapekṣhatā āandolan evan sanbhāvanāeॅan
260 _aदिल्ली
_b हिन्दी माध्यम कार्यान्वय निदेशालय
_c1991
300 _a280पृ.
_ccm.
650 _a विश्व-इतिहास
650 _aविश्व-इतिहास
942 _hV1TH:N9, 152N1
_cTEXL
_2CC
999 _c376447
_d376447